000 00554nam a22001697a 4500
003 PILC
005 20150928090334.0
008 150928b xxu||||| |||| 00| 0 eng d
020 _a9711501015
050 _aPL 6061
_b.Sa161 1995
100 _aSalazar, Lucila A.
245 _aPanitikang Filipino /
_cLucila A. Salazar, Obdulia L. Atienza, Maria S. Ramos, Anita R. Nazal.
260 _aQuezon City :
_bKatha Publishing Co., Inc,
_c1995.
300 _aviii, 257 pages ;
_c26 cm.
500 _aIncludes bibliographical references.
942 _2lcc
_cBK
_kFIL
999 _c288747
_d288747